Can you move like an elephant? / (Record no. 6351)

MARC details
000 -LEADER
fixed length control field 01181cam a22003493a 4500
001 - CONTROL NUMBER
control field 6351
003 - CONTROL NUMBER IDENTIFIER
control field FISKH
005 - DATE AND TIME OF LATEST TRANSACTION
control field 20250423114849.0
008 - FIXED-LENGTH DATA ELEMENTS--GENERAL INFORMATION
fixed length control field 030117s2003 nyua j 000 f eng
010 ## - LIBRARY OF CONGRESS CONTROL NUMBER
LC control number 2003100773
015 ## - NATIONAL BIBLIOGRAPHY NUMBER
National bibliography number 2003100773
020 ## - INTERNATIONAL STANDARD BOOK NUMBER
International Standard Book Number 0764125869
040 ## - CATALOGING SOURCE
Original cataloging agency LE#
Transcribing agency LE#
Modifying agency DLC
Language of cataloging eng
050 ## - LIBRARY OF CONGRESS CALL NUMBER
Classification number PZ7
082 ## - DEWEY DECIMAL CLASSIFICATION NUMBER
Classification number 823.914
100 1# - MAIN ENTRY--PERSONAL NAME
Personal name Hindley, Judy.
245 10 - TITLE STATEMENT
Title Can you move like an elephant? /
Statement of responsibility, etc. Judy Hindley ; illustrated by Manya Stojic.
250 ## - EDITION STATEMENT
Edition statement This edition published in 2005.
260 ## - PUBLICATION, DISTRIBUTION, ETC.
Place of publication, distribution, etc. Sydney :
Name of publisher, distributor, etc. Picture Corgi,
Date of publication, distribution, etc. 2004
300 ## - PHYSICAL DESCRIPTION
Extent 28 unnumbered pages :
Other physical details color illustrations ;
Dimensions 27 cm
505 ## - FORMATTED CONTENTS NOTE
Formatted contents note G<br/>
520 ## - SUMMARY, ETC.
Summary, etc. Describes the movements of elephants, snakes, monkeys, peacocks, snails, butterflies, tigers, deer, flamingos and rabbits and asks readers if they can imitate them.
521 8# - TARGET AUDIENCE NOTE
Target audience note 370<br/>
Source Lexile estimate <br/>
521 8# - TARGET AUDIENCE NOTE
Target audience note G<br/>
Source Raz-Plus
650 #0 - SUBJECT ADDED ENTRY--TOPICAL TERM
Topical term or geographic name entry element Animals
General subdivision Pictorial works
Form subdivision Juvenile fiction.
650 #1 - SUBJECT ADDED ENTRY--TOPICAL TERM
Topical term or geographic name entry element Animals.
655 #7 - INDEX TERM--GENRE/FORM
Genre/form data or focus term Children's stories
Form subdivision Pictorial works.
Source of term lcsh
700 1# - ADDED ENTRY--PERSONAL NAME
Personal name Stojic, Manya.
906 ## - LOCAL DATA ELEMENT F, LDF (RLIN)
a 7
b cbc
c copycat
d 4
e epcn
f 20
g y-gencatlg
942 ## - ADDED ENTRY ELEMENTS (KOHA)
Source of classification or shelving scheme Dewey Decimal Classification
Koha item type Books
Suppress in OPAC No
Holdings
Withdrawn status Lost status Source of classification or shelving scheme Damaged status Not for loan Collection Home library Current library Shelving location Date acquired Total Checkouts Full call number Barcode Date due Date last seen Date last checked out Copy number Price effective from Koha item type
    Dewey Decimal Classification     Juvenile Fiction Footprints International School Library Network Toul Kork Campus Footprints International School Library Network Toul Kork Campus TK Primary Library Room(4th Floor), Bookcase 7, Shelves 57-60, Dark Green Books 04/23/2025 1 HIN 823.914 PZ7 FISBK05552 09/03/2025 08/20/2025 08/20/2025 1 04/23/2025 Books